Oral pathology : (Record no. 37129)

MARC details
000 -LEADER
fixed length control field 00661nam a22002057a 4500
005 - DATE AND TIME OF LATEST TRANSACTION
control field 20260422101157.0
008 - FIXED-LENGTH DATA ELEMENTS--GENERAL INFORMATION
fixed length control field 260422b |||||||| |||| 00| 0 eng d
020 ## - INTERNATIONAL STANDARD BOOK NUMBER
ISBN 9780323297684
082 ## - DEWEY DECIMAL CLASSIFICATION NUMBER
Classification number 616.3/1
Item number JOS-O
100 ## - MAIN ENTRY--AUTHOR
Author Name Joseph A. Regezi,
245 ## - TITLE STATEMENT
Title Oral pathology :
Remainder of title clinical pathologic correlations /
Statement of responsibility, etc. Joseph A. Regezi, James J. Sciubba, Richard C.K. Jordan.
250 ## - EDITION STATEMENT
Edition statement 7th.ed
260 ## - PUBLICATION, DISTRIBUTION, ETC.
Place of Publication China :
Name of publisher, distributor, etc. Elsevier,
Date of publication, distribution, etc. 2017.
300 ## - PHYSICAL DESCRIPTION
Pages xii, 402 p :
500 ## - GENERAL NOTE
General note Includes bibliographical references and index.
650 ## - SUBJECT ADDED ENTRY--TOPICAL TERM
Subject / Department Medical Pathology/Mouth Diseases
700 ## - ADDED ENTRY--PERSONAL NAME
Personal name Sciubba, James J.,
700 ## - ADDED ENTRY--PERSONAL NAME
Personal name Jordan, Richard C. K.,
952 ## - LOCATION AND ITEM INFORMATION (KOHA)
-- 0
-- 0
952 ## - LOCATION AND ITEM INFORMATION (KOHA)
-- 0
-- 0
Holdings
Lost status Damaged status Collection code Permanent Location Current Location Shelving Location Date acquired Full Call Number Accession No./Barcode Date last seen Copy number item type Koha item type
    Medical Superior Information Resource Center (SIRC) Superior University- Main Campus Superior Information Resource Center (SIRC) Superior University- Main Campus Pathology(D-L) 04/22/2026 617.522 REG-O 2017 29809 04/22/2026 1 BOOK BOOK
    Medical Superior Information Resource Center (SIRC) Superior University- Main Campus Superior Information Resource Center (SIRC) Superior University- Main Campus Pathology(D-L) 04/22/2026 617.522 REG-O 2017 29810 04/22/2026 2 BOOK BOOK

Powered by Koha